| 000 | 01125nam0a22003371 4500 | ||
|---|---|---|---|
| 001 | v19\rc\1885206 | ||
| 005 | 20251118180340.3 | ||
| 035 | _a(NLR Aleph) 004973903 | ||
| 090 |
_a6113683 _c6113683 |
||
| 100 | _a20080221d1910 |||y0rusy50 ca | ||
| 101 | 0 | _arus | |
| 102 | _aRU | ||
| 105 | _aa z ||||| | ||
| 200 | 1 |
_aКурс врачебной косметики _eДля врачей, массажисток и публики _fД-р Н.В. Слетов |
|
| 205 | _a2-е изд. | ||
| 210 |
_aМосква _cПервый Моск. врачебно-косметич. ин-т _d1910 |
||
| 215 |
_a176 с., 13 л. ил. _d22 |
||
| 320 | _aБиблиогр. в введ. | ||
| 532 | 1 | 3 | _aКурс врачебной косметики |
| 700 | 1 |
_aСлетов _bН. В. _f1863- _gНиколай Викторович |
|
| 801 | 0 |
_aRU _bNLR _gpsbo |
|
| 801 | 0 |
_aRU _bRuMoRGB _2psbo |
|
| 801 | 1 |
_aRU _bProSoft-M _2rusmarc |
|
| 852 |
_aNLR _j38.79.4.144 |
||
| 899 |
_aRuMoRGB _jS 38/293 |
||
| 899 |
_aRuMoRGB _jФ 1-53/2614 |
||
| 899 |
_aRuMoRGB _jS 109/455 |
||
| 899 | _aБАН | ||
| 942 | _cBOOK | ||
| 980 | _aNB | ||